00457nam a22001217a 4500008004100000050002100041100000800062245011600070260004600186300002700232500001800259650005800277230829b |||||||| |||| 00| 0 eng d aQD49 .K4K45 1990 aKIE aSecondary Chemistry Form 4 Pupils' book :bIncluding physical science chemistry/cKenya Institute of Education  aNairobi :bKenya literature bureau,c1990 ax, 254p. :bill. ;c24 aInclude index aChemistry vsecondary school xform 4y8.4.4 Syllabus